Japan World Cup 2022 Squad - Statistics

General Stats
  • This quiz has been taken 14 times
  • The average score is 12 of 26
Answer Stats
Position Club Player % Correct
MF Brighton & Hove Albion Kaoru Mitoma
82%
MF Eintracht Frankfurt Daichi Kamada
73%
DF VFB Stuttgart Hiroki Ito
73%
MF Stade Reims Junya Ito
73%
DF Arsenal Takehiro Tomiyasu
73%
FW Celtic Daizen Maeda
64%
DF FC Schalke 04 Maya Yoshida
64%
MF SC Freiburg Ritsu Doan
64%
MF Real Sociedad Takefusa Kubo
64%
FW VFL Bochum Takuma Asano
64%
MF Fortuna Dusseldorf Ao Tanaka
55%
DF Borussia Monchengladbach Ko Itakura
55%
MF AS Monaco Takumi Minamino
55%
GK RC Strasbourg Eiji Kawashima
45%
MF Sporting CP Hidemasa Morita
45%
DF Urawa Red Diamonds Hiroki Sakai
45%
MF VFB Stuttgart Wataru Endo
45%
GK Shimizu S-Pulse Shuichi Gonda
36%
MF CD Leganes Gaku Shibasaki
27%
DF Kawasaki Frontale Shogo Taniguchi
27%
DF FC Tokyo Yuto Nagatomo
27%
FW Cercle Brugge Ayase Ueda
18%
GK Sint-Truiden Daniel Schmidt
18%
DF Kawasaki Frontale Miki Yamane
18%
FW Shonan Bellmare Shuto Machino
18%
MF Nagoya Grampus Yuki Soma
18%
No matching quizzes found
Score Distribution
Percent of People with Each Score
Percentile by Number Answered
Your Score History
You have not taken this quiz